000 00888nas a2200289 4500
001 BR2018001402
003 BR-BrBNA
005 20231205131346.0
007 ta
008 230509b bl.|||p| |||| 00| 00por d
040 _aBR-BrBNA
_bpor
_cBiblioteca Nacional de Agricultura
041 _a(En)
072 _aF30
100 1 _aSilva, H. da C.
100 1 _aAnunciação Filho, C.J.
100 1 _aBastos, G.Q.
100 1 _aDutra Filho, J.A.
100 1 _aSimões Neto, D.E.
245 1 _aRepeatability of agroindustrial characters in sugarcane in different harvest cycles
650 _aCANA DE AÇÚCAR
650 _aGENÓTIPO
650 _aSELEÇÃO
650 _aPRODUTIVIDADE
773 0 _tRevista Ciência Agronômica (Brazil)
_xISSN 0045-6888
_g(Apr-Jun 2018), v. 49(2) p. 275-282
_wBR2018001402
909 _a202311
_bLúcia
_c55
_dLúcia Elande
942 _2AGRIS
_n0
_cANA
999 _c254379
_d254379